Participatory evaluation tools for managing change in water and sanitation (Record no. 541907)

000 -LEADER
fixed length control field 00418nam a22001337a 4500
020 ## - INTERNATIONAL STANDARD BOOK NUMBER
International Standard Book Number 0821324772
082 ## - DEWEY DECIMAL CLASSIFICATION NUMBER
Classification number 363.6091737
Author Mark NAR
-- D
245 ## - TITLE STATEMENT
Title Participatory evaluation tools for managing change in water and sanitation
Statement of responsibility, etc. Narayan, Deepa
260 ## - PUBLICATION, DISTRIBUTION, ETC.
Place of publication, distribution, etc. Washington
Name of publisher, distributor, etc. The world bank
Date of publication, distribution, etc. 1993
300 ## - PHYSICAL DESCRIPTION
Extent xi, 122 p. :
Other physical details ill, ;
Dimensions 24 cm.
526 ## - STUDY PROGRAM INFORMATION NOTE
Program name 0
Interest level 0
Reading level 0
Title point value 363_609173700000000_NAR
650 ## - SUBJECT ADDED ENTRY--TOPICAL TERM
Topical term or geographic name entry element D
9 (RLIN) 6527
942 ## - ADDED ENTRY ELEMENTS (KOHA)
Source of classification or shelving scheme
Koha item type Book
Holdings
Withdrawn status Lost status Source of classification or shelving scheme Damaged status Not for loan Permanent Location Current Location Date acquired Total Checkouts Full call number Barcode Date last seen Copy number Price effective from Koha item type
          Military College of Engineering (MCE) Military College of Engineering (MCE) 09/10/2013   363.6091737 NAR MCE-42146 09/10/2013 1 09/10/2013 Book
© 2023 Central Library, National University of Sciences and Technology. All Rights Reserved.